000 00547nam a2200205Ia 4500
005 20251020182612.0
008 200515s9999 xx 000 0 und d
082 _aSC/683.9/B57
100 _aBLANES, Octavio
245 0 _aManual de montajes sanitarios e instalaciones de calefacción
260 _aBarcelona
260 _c1980
300 _a166
520 _aAgrupa y comenta montajes sanitarios y de calefacción
650 _aAPARATOS SANITARIOS
650 _aCALEFACCION
650 _aGRIFERIA
650 _aMANUALES
942 _cLIB
999 _c3378
_d3378